Personnages cles en 3eme - Statistiques

Statistiques générales
  • Ce quiz a été pris 37 fois
  • Le résultat moyen est 14 sur 23
Statistiques - réponses
Par images Réponse % Correct
Adolf Hitler
100%
Charles de Gaulle
94%
Joseph Staline
94%
Jacques Chirac
91%
Philippe Pétain
91%
Mohandas Gandhi
88%
John F Kennedy
81%
Simone Veil
78%
Winston Churchill
72%
François Mitterand
69%
Jean Moulin
69%
Lénine
66%
George W Bush
53%
Greta Thunberg
50%
Mikhail Gorbatchev
50%
Ronald Reagan
47%
Benito Mussolini
44%
Karl Marx
44%
Georges Clemenceau
31%
Léon Blum
25%
Franklin Roosevelt
22%
Pierre Laval
19%
Nikita Khrouchtchev
6%
Aucun quiz correspondant
Distribution des résultats
% des personnes avec chaque résultat
Percentile par nombre de réponses
Votre historique - résultats
Vous n’avez pas pris ce quiz